000 00288nam a22001217a 4500
008 170614b xxu||||| |||| 00| 0 eng d
041 _aeng
080 _a32
100 _a19
101 _aSHP
245 _aPOLITICS AND CULTURE IN THE DEVELOPING WORLD
_cPAYNE.R.J
942 _2udc
_cBK
999 _c17337
_d17337